Advanced engineering mathematics (Record no. 4424)
[ view plain ]
| 000 -LEADER | |
|---|---|
| fixed length control field | 00501 a2200169 4500 |
| 020 ## - INTERNATIONAL STANDARD BOOK NUMBER | |
| International Standard Book Number | 0-7637-1357-0 |
| 020 ## - INTERNATIONAL STANDARD BOOK NUMBER | |
| International Standard Book Number | 0-7637-1357-0 |
| 040 ## - CATALOGING SOURCE | |
| Original cataloging agency | DLC |
| Language of cataloging | DLC |
| 100 1# - MAIN ENTRY--PERSONAL NAME | |
| Personal name | Zill, Dennis G. |
| 245 00 - TITLE STATEMENT | |
| Title | Advanced engineering mathematics |
| Statement of responsibility, etc. | Dennis G. Zill, Michael R. Cullen |
| 250 ## - EDITION STATEMENT | |
| Edition statement | 2. ed. |
| 260 ## - PUBLICATION, DISTRIBUTION, ETC. | |
| Place of publication, distribution, etc. | Sudbury, Mass : |
| Name of publisher, distributor, etc. | Jones and Bartlett, |
| Date of publication, distribution, etc. | cop. 2000 |
| 300 ## - PHYSICAL DESCRIPTION | |
| Extent | xvi, 926, 96 s. : |
| Other physical details | ill. ; |
| Dimensions | 26 cm |
| 650 #0 - SUBJECT ADDED ENTRY--TOPICAL TERM | |
| Topical term or geographic name entry element | Engineering mathematics |
| 700 1# - ADDED ENTRY--PERSONAL NAME | |
| Personal name | Cullen, Michael R |
| 942 ## - ADDED ENTRY ELEMENTS (KOHA) | |
| Koha item type | Book |
| Call number prefix | 510.2462 ZIL |
| Source of classification or shelving scheme | |
| Withdrawn status | Lost status | Damaged status | Not for loan | Collection code | Permanent Location | Current Location | Shelving location | Date acquired | Source of acquisition | Cost, normal purchase price | Total Checkouts | Total Renewals | Full call number | Barcode | Date last seen | Date last checked out | Price effective from | Koha item type |
|---|---|---|---|---|---|---|---|---|---|---|---|---|---|---|---|---|---|---|
| Central Library (CL) | Central Library (CL) | General Stacks | 10/05/2005 | Allied Book Company | 1919.97 | 10 | 3 | 510.2462 ZIL | SEECS006495 | 08/20/2024 | 07/10/2023 | 01/05/2017 | Book |
